000 00329nam a2200133Ia 4500
008 210312s9999||||xx |||||||||||||| ||und||
041 _aosm
050 _aBP50
050 _bA2.A44
100 _aAbidin Paşa
245 0 _aÂlem-i İslâmiyet, müdafaa
260 _c1899
650 _aDin--İslam dini--Tarih--Genel çalışmalar
999 _c22071
_d22071